Solo or Group Songs - Paul McCartney - Statistics

General Stats
  • This quiz has been taken 109 times
  • The average score is 12 of 15
Answer Stats
Question Answer % Correct
Band on the Run Wings
91%
Say Say Say Paul McCartney
90%
Silly Love Songs Wings
85%
Ebony and Ivory Paul McCartney
84%
Let 'Em In Wings
84%
Pipes of Peace Paul McCartney
82%
Uncle Albert/Admiral Halsey Paul McCartney
80%
Wonderful Christmastime Paul McCartney
79%
Another Day Paul McCartney
78%
Live and Let Die Wings
77%
Mull of Kintyre Wings
72%
No More Lonely Nights Paul McCartney
68%
We All Stand Together (The Frog Song) Paul McCartney
64%
Give Ireland Back to the Irish Wings
63%
My Love Wings
59%
No matching quizzes found
Score Distribution
Percent of People with Each Score
Percentile by Number Answered
Your Score History
You have not taken this quiz